20 Top-Selling Atari 2600 Games - Statistics

General Stats
  • This quiz has been taken 687 times
    649 since last reset
  • The average score is 7 of 20
Answer Stats
No. Sales Game % Correct
1 7.81m Pac-Man
86%
5 2.53m Space Invaders
70%
8 1.97m E.T.: The Extra Terrestrial
54%
13 1.46m Donkey Kong
52%
2 4.50m Pitfall!
52%
3 4.31m Asteroids
48%
9 1.65m Ms. Pac-Man
42%
6 2.20m Frogger
35%
18 1.25m Combat
34%
4 2.76m Missile Command
34%
14 1.36m Centipede
33%
16 1.30m Adventure
31%
10 1.64m Dig Dug
23%
12 1.59m Mario Bros.
21%
11 1.60m River Raid
21%
20 1.15m Kaboom!
20%
19 1.18m Pole Position
20%
15 1.31m Pitfall II: Lost Caverns
15%
7 2.13m Demon Attack
13%
17 1.27m Atlantis
12%
No matching quizzes found
Score Distribution
Percent of People with Each Score
Percentile by Number Answered
Your Score History
You have not taken this quiz since the last reset